[Event "OP-2021-0-05233"]
[Site "LSS email"]
[Date "2021.12.27"]
[Round "?"]
[White "Swiatek, Janusz"]
[Black "Thinius, Ralf"]
[Result "1-0"]
[WhiteElo "1780"]
[BlackElo "1758"]
[PlyCount "81"]
[EventDate "2021.12.22"]
[EventType "tourn (corr)"]
[EventRounds "4"]
[EventCountry "GER"]
[SourceTitle "Corr 2024"]
[Source "ChessBase"]
[SourceDate "2023.10.19"]
[SourceVersion "1"]
[SourceVersionDate "2023.10.19"]
[SourceQuality "1"]

1. e4 e5 2. Nf3 d6 3. d4 exd4 4. Nxd4 Nf6 5. Nc3 a6 6. Bf4 Be7 7. Qf3 Bg4 8. Qg3 c5 9. Nde2 Nc6 10. 0-0-0 Be6 11. Bxd6 Nh5 12. Qf3 Bxd6 13. Qxh5 g6 14. Qh6 Qc7 15. g3 0-0-0 16. Bh3 Nd4 17. Bxe6+ fxe6 18. Qe3 Nxe2+ 19. Qxe2 Be5 20. Rxd8+ Rxd8 21. Rd1 b5 22. f4 Bxc3 23. bxc3 Rxd1+ 24. Qxd1 Qa5 25. Qd6 Qxc3 26. Qxa6+ Kc7 27. Qxb5 Qe3+ 28. Kb2 Qd4+ 29. Kb3 Qe3+ 30. Qd3 Qg1 31. Ka4 Qb1 32. a3 Qb7 33. e5 Qc6+ 34. Kb3 Qb6+ 35. Ka2 Qc6 36. Qd6+ Qxd6 37. exd6+ Kxd6 38. Kb3 Kd5 39. a4 Kc6 40. Kc4 Kb6 41. a5+ 1-0

[Event "GER-ch Army 15th"]
[Site "Stadtallendorf"]
[Date "2004.??.??"]
[Round "5"]
[White "Thinius, Ralf"]
[Black "Reiz, Uwe"]
[Result "0-1"]
[WhiteElo "1523"]
[BlackElo "1761"]
[PlyCount "48"]
[EventDate "2004.05.10"]
[EventType "swiss"]
[EventRounds "6"]
[EventCountry "GER"]
[SourceTitle "EXT 2006"]
[Source "ChessBase"]
[SourceDate "2005.11.24"]
[SourceVersion "1"]
[SourceVersionDate "2005.11.24"]
[SourceQuality "1"]

1. e4 c5 2. Nc3 Nc6 3. f4 d6 4. Nf3 g6 5. d3 Bg7 6. Be2 Nf6 7. Bd2 Bd7 8. 0-0 0-0 9. h3 Nh5 10. g4 Ng3 11. Rf2 Nd4 12. Rb1 Qc8 13. Rg2 Ngxe2+ 14. Nxe2 Nxf3+ 15. Kf2 Nxd2 16. Qxd2 e6 17. c3 f5 18. Rh1 Bc6 19. Ng3 d5 20. Rgh2 dxe4 21. dxe4 fxe4 22. Ke3 Qc7 23. Qf2 Bh6 24. Ne2 Rad8 0-1

[Event "Guben op"]
[Site "Guben"]
[Date "2003.??.??"]
[Round "3"]
[White "Gieritz, Dietmar"]
[Black "Thinius, Ralf"]
[Result "0-1"]
[WhiteElo "2169"]
[BlackElo "1825"]
[PlyCount "108"]
[EventDate "2003.??.??"]
[EventType "swiss"]
[EventRounds "7"]
[EventCountry "GER"]
[SourceTitle "EXT 2008"]
[Source "ChessBase"]
[SourceDate "2007.11.25"]
[SourceVersion "1"]
[SourceVersionDate "2007.11.25"]
[SourceQuality "1"]

1. Nf3 Nf6 2. d4 d5 3. c4 e6 4. Nc3 Nc6 5. g3 Be7 6. Bg2 dxc4 7. Qa4 0-0 8. 0-0 Nxd4 9. Rd1 Nxf3+ 10. Bxf3 Qe8 11. Qxc4 c6 12. e4 b5 13. Qb3 e5 14. a4 Be6 15. Qc2 a6 16. Be3 Rd8 17. axb5 Rxd1+ 18. Nxd1 axb5 19. Ra7 Bd7 20. Qc3 Bd6 21. Bg5 Bb8 22. Ra8 Qe6 23. Qd2 Bd6 24. Ra7 Bc5 25. Rb7 Bc8 26. Rb8 Qd6 27. Qxd6 Bxd6 28. Rb6 Bd7 29. Ne3 h6 30. Bxf6 gxf6 31. Nf5 Bxf5 32. exf5 Rd8 33. Bxc6 b4 34. Kg2 Rb8 35. Ra6 Bc5 36. b3 Rb6 37. Ra8+ Kg7 38. Rc8 Bd6 39. Bd5 Rb5 40. Bc4 Rc5 41. Rd8 Be7 42. Rd7 Kf8 43. Rb7 Ra5 44. h3 e4 45. g4 Re5 46. Be2 Bc5 47. Rc7 e3 48. f4 Rd5 49. Kf3 Bd6 50. Rc8+ Ke7 51. Bc4 Rc5 52. Rh8 Rxc4 53. bxc4 b3 54. c5 Bc7 0-1